000
00326nam a22001457a 4500
008
230703b ||||| |||| 00| 0 eng d
020
_a
9780824072820
041
_a
eng
080
_a
573
082
_a
573ALB
100
_a
16
101
_a
BIOLOGJI
245
_a
MOLECULAR BIOLOGY OF THE CELL
_c
ALBERTS.B
942
_2
udc
_c
BK
999
_c
60083
_d
60083